Central Library OPAC University of Rajshahi

Family failure : (Record no. 5001)

MARC details
000 -LEADER
fixed length control field 00974cam a22002771 4500
001 - CONTROL NUMBER
control field 5001
003 - CONTROL NUMBER IDENTIFIER
rucl marc code BD-RjUL
005 - DATE AND TIME OF LATEST TRANSACTION
control field 20211208234006.0
008 - FIXED-LENGTH DATA ELEMENTS--GENERAL INFORMATION
fixed length control field 131224s1963 -uk 001 0 eng
035 ## - SYSTEM CONTROL NUMBER
System control number (BD-RjUL)5037
System control number (OCoLC)165381
040 ## - CATALOGING SOURCE
Original cataloging agency DLC
Transcribing agency OAkU
Modifying agency Uk
-- DLC
-- BD-RjUL
Language of cataloging eng
041 ## - LANGUAGE CODE
Language code of text/sound track or separate title eng
082 ## - DEWEY DECIMAL CLASSIFICATION NUMBER
Classification number 306.85
Author mark and year PHF 1963
100 1# - MAIN ENTRY--PERSONAL NAME
Personal name Philp, A. F.
Fuller form of name (Albert Frederic)
9 (RLIN) 15735
245 10 - TITLE STATEMENT
Title Family failure :
Remainder of title a study of 129 families with multiple problems /
Statement of responsibility, etc. Based on research undertaken for Family Service Units by Douglas Woodhouse. With a foreword by John Wolfenden.
260 ## - PUBLICATION, DISTRIBUTION, ETC. (IMPRINT)
Place of publication, distribution, etc. London :
Name of publisher, distributor, etc. Faber and Faber,
Date of publication, distribution, etc. c1963.
300 ## - PHYSICAL DESCRIPTION
Pagination 311 p. :
Illustrations ill. ;
Size 22 cm.
504 ## - BIBLIOGRAPHY, ETC. NOTE
Bibliography, etc Includes Bibliography and index.
650 #0 - SUBJECT ADDED ENTRY--TOPICAL TERM
Topical term or geographic name as entry element Families
Geographic subdivision Great Britain
Form subdivision Case studies.
9 (RLIN) 15736
Topical term or geographic name as entry element Social case work
Form subdivision Case studies.
9 (RLIN) 15737
700 1# - ADDED ENTRY--PERSONAL NAME
Personal name Woodhouse, Douglas.
Personal name Wolfenden, John.
942 ## - ADDED ENTRY ELEMENTS (KOHA)
Source of classification or shelving scheme Dewey Decimal Classification
Koha item type Books
Holdings
Lost status Source of classification or shelving scheme Damaged status Not for loan Collection code Permanent Location Current Location Shelving location Date acquired Source of acquisition Cost, normal purchase price Total Checkouts Full call number Date last seen Copy number Koha item type
  Dewey Decimal Classification   Not For Loan Non-fiction Central Library, University of Rajshahi Central Library, University of Rajshahi   15/03/1966 Zeitlinger 0.00   306.85 PHF 1963 24/12/2013 C-1 Books
  Dewey Decimal Classification     Non-fiction Central Library, University of Rajshahi Central Library, University of Rajshahi   15/03/1966 Zeitlinger     306.85 PHF 1963 28/08/2016 C-2 Books